পরমাণু ও কেন্দ্রক গঠন পরিচয় / (Record no. 9075)
[ view plain ]
| 000 -LEADER | |
|---|---|
| fixed length control field | 00738nam a2200217 a 4500 |
| 001 - CONTROL NUMBER | |
| JCCL Control Number | 9073 |
| 003 - CONTROL NUMBER IDENTIFIER | |
| JCCL marc code | BD-JhCC |
| 005 - DATE AND TIME OF LATEST TRANSACTION | |
| control field | 20180524101816.0 |
| 008 - FIXED-LENGTH DATA ELEMENTS--GENERAL INFORMATION | |
| fixed length control field | 180308s19761986bg |||| ||a| 000 0 ben d |
| 035 ## - SYSTEM CONTROL NUMBER | |
| system control number | (BD-JhCC)9073 |
| 040 ## - CATALOGING SOURCE | |
| Original cataloging agency | BD-JhCC |
| Modifying agency | BD-JhCC |
| 041 ## - LANGUAGE CODE | |
| Language code of Book | ben |
| 082 ## - DEWEY DECIMAL CLASSIFICATION NUMBER | |
| Classification number | 539.7 |
| Author mark and Year | GHO 1976 |
| 100 ## - MAIN ENTRY--PERSONAL NAME | |
| Personal name | ঘোষাল, সমরেন্দ্রনাথ |
| 245 ## - TITLE STATEMENT | |
| Title | পরমাণু ও কেন্দ্রক গঠন পরিচয় / |
| Statement of responsibility, etc | সমরেন্দ্রনাথ ঘোষাল |
| 260 ## - PUBLICATION, DISTRIBUTION, ETC. (IMPRINT) | |
| Place of publication, distribution, etc | কলকাতা: |
| Name of publisher, distributor, etc | পশ্চিমবঙ্গ রাজ্য পুস্তক পর্ষদ, |
| Date of publication, distribution, etc | 1976. |
| 300 ## - PHYSICAL DESCRIPTION | |
| Pagination | 651 P. : |
| Dimensions | 22 cm. |
| 650 ## - SUBJECT ADDED ENTRY--TOPICAL TERM | |
| Topical term or geographic name as entry element | Nuclear |
| 942 ## - ADDED ENTRY ELEMENTS (KOHA) | |
| Source of classification or shelving scheme | Dewey Decimal Classification |
| Koha item type | Books |
| Source of classification or shelving scheme | volume number | Damaged status | Not for loan | Home library | Current library | Shelving location | Date of accession | Cost, normal purchase price | Total Checkouts | Full call number | Barcode | Date last seen | Date checked out | Copy number | Koha item type |
|---|---|---|---|---|---|---|---|---|---|---|---|---|---|---|---|
| Dewey Decimal Classification | V-1 | JCC Rouf Library | JCC Rouf Library | General Stacks | 03/08/2018 | 35.00 | 1 | 539.7 GHO 1976 | 11704 | 05/09/2023 | 05/09/2023 | C-1 | Books |